Lightsaber Association - Statistics

General Stats
  • This quiz has been taken 32 times
  • The average score is 12 of 17
Answer Stats
Picture Answer % Correct
Kylo Ren | Ben Solo
96%
Rey
88%
Mace Windu
84%
Darth Vader
80%
Luke
76%
Obi-Wan
76%
Yoda
76%
Darth Maul
72%
Count Dooku
68%
Darth Sidious | Palpatine
68%
Anakin
64%
Qui-Gon Jin
64%
Ahsoka
60%
Asajj Ventress
60%
Ezra Bridger
60%
Grand Inquisitor
60%
Kit Fisto
48%
No matching quizzes found
Score Distribution
Percent of People with Each Score
Percentile by Number Answered
Your Score History
You have not taken this quiz